Combien de fois peux tu écrire 67 en 30 secondes - Statistiques

Statistiques générales
  • Ce quiz a été pris 1 188 fois
  • Le résultat moyen est 77 sur 168
Statistiques - réponses
Réponse % Correct
67
99%
67
99%
67
98%
67
98%
67
96%
67
95%
67
94%
67
94%
67
93%
67
93%
67
92%
67
92%
67
92%
67
91%
67
91%
67
90%
67
90%
67
89%
67
89%
67
89%
67
89%
67
89%
67
88%
67
87%
67
87%
67
87%
67
87%
67
87%
67
86%
67
86%
67
86%
67
85%
67
84%
67
84%
67
83%
67
82%
67
81%
67
81%
67
80%
67
79%
67
77%
67
76%
67
75%
67
74%
67
74%
67
73%
67
73%
67
73%
67
72%
67
71%
67
71%
67
70%
67
70%
67
70%
67
69%
67
69%
67
68%
67
67%
67
66%
67
65%
67
65%
67
63%
67
63%
67
62%
67
62%
67
62%
67
61%
67
61%
67
60%
67
59%
67
59%
67
58%
67
56%
67
56%
67
54%
67
52%
67
51%
67
51%
67
50%
67
49%
67
48%
67
47%
67
47%
67
47%
67
46%
67
45%
67
43%
67
43%
67
42%
67
40%
67
40%
67
39%
67
39%
67
37%
67
36%
67
35%
67
34%
67
33%
67
31%
67
31%
67
30%
67
30%
67
29%
67
27%
67
26%
67
25%
67
25%
67
24%
67
24%
67
23%
67
22%
67
22%
67
20%
67
20%
67
19%
67
19%
67
18%
67
17%
67
17%
67
16%
67
15%
67
15%
67
15%
67
15%
67
14%
67
13%
67
13%
67
12%
67
11%
67
10%
67
10%
67
10%
67
9%
67
9%
67
8%
67
8%
67
7%
67
7%
67
7%
67
6%
67
6%
67
6%
67
6%
67
6%
67
5%
67
5%
67
5%
67
5%
67
5%
67
5%
67
5%
67
5%
67
4%
67
4%
67
4%
67
4%
67
3%
67
3%
67
3%
67
3%
67
3%
67
3%
67
3%
67
3%
67
3%
67
3%
67
3%
Six seven
0%
Aucun quiz correspondant
Distribution des résultats
% des personnes avec chaque résultat
Percentile par nombre de réponses
Votre historique - résultats
Vous n’avez pas pris ce quiz